000 00649nam a2200277Ia 4500
005 20260324134338.0
008 008 260324s9999 xx 000 0 eng d
020 _a9781843144922
037 _aEBOOK
040 _aCRL
040 _beng
040 _cCRL
041 _2eng
041 _aeng
084 _qCRL
100 _aJohn Hatchard
_91196461
245 0 _aDirectory of Commonwealth Law Schools 2003-2004
260 _bTaylor and Francis
260 _c2002
365 _a
365 _b210
856 _uhttp://www.taylorfrancis.com/books/9781843144922
942 _cEBOOK
999 _c1796472
_d1796472